| 000 | 00742nam a2200217Ii 4500 | ||
|---|---|---|---|
| 003 | JO-AjNU | ||
| 008 | 230605s9999||||xx |||||||||||||| ||und|| | ||
| 017 | _a2009/5/1582 | ||
| 040 |
_aJO-AjNU _bara _erda _cJO-AjNU |
||
| 041 | _aara | ||
| 050 | 1 | 4 | _aHD59.Z84.2010 |
| 100 | 3 |
_aزويلف،مهدي حسن, _eauthor _931852 |
|
| 245 | 0 | 0 | _aالعلاقات العامة نظريات واساليب |
| 250 | _aط1 العربية | ||
| 264 | 3 | 1 | _aعمان:مكتبة المجتمع العربي للنشر والتوزيع،2010 |
| 300 | _a176ص | ||
| 336 |
_atext _btxt _2rdacontent |
||
| 337 |
_aunmediated _bn _2rdamedia |
||
| 338 |
_avolume _bnc _2rdacarrier |
||
| 650 | 4 |
_aادارة الاعمال-العلاقات العامة _931853 |
|
| 999 |
_aA12788 _c16356 _d16356 |
||